Materský príspevok

Bibliographic Details
Main Author: Vojteková, E. (Author)
Format: Article
Language:Slovak
Subjects:

MARC

LEADER 00000nab a2200000 a 4500
001 vtls000358366
003 SK-MaSNL
005 20260302223645.0
008 111201c1989 xo 0 slo
015 |a SNBRB19rr/mm-uuuuu 
035 |a CL0358488 
040 |a SNKBUCL  |b slo  |c SNKBUCL  |e AACR2 
041 0 |a slo 
044 |a xo  |c SK 
080 |a 362.17:368.025.1  |2 1981 
080 |a 368.025.1  |2 1981 
100 1 |a Vojteková, E.  |4 aut  |9 953646 
245 1 0 |a Materský príspevok  |c E. Vojteková 
650 0 7 |a príspevky materské  |2 snkbucl  |9 927492 
655 7 |a články z novín a časopisov  |2 snkbucl  |9 267496 
773 0 |t Národné poistenie  |g Roč. 21, č. 7 (1989), s. 4-5 
850 |a Slovenská národná knižnica v Martine  |a MTA001 
852 |a SNK  |b KIS3GCP 
958 |a RK 
992 |a RBX 
999 |c 1521276  |d 1523206